Datum a čas kvízu
17
Celkem bodů
Celkový počet nahraných bodů na tomto kvízu bez doplňovacích otázek.
8.
Pořadí na kvízu
Konečné umístění týmu na tomto kvízu.
Zaznamenané odpovědi
| # | Otázka | Odpověď | Body | Výsledky |
|---|---|---|---|---|
| 1. | Předseda Senátu Miloš Vystrčil... | Běloruska | 0 | |
| 2. | Jak se jmenuje nezávislý kandi... | Robert Francis Kennedy Jr. | 0 | |
| 3. | Na Velký pátek se to v O<sub>2... | Judas Priest | 0 | |
| 4. | Minulý týden si žena na severu... | s bambulí (od čepice) | 1 | |
| 5. | Kteří dva olympijští vítězové... | Pavel Patera, David Moravec | 0 | |
| 6. | Věříme, že ovládáte velkou pal... | Drahá vlasti | 0 | |
| 7. | Zhruba 56 tisíc lidí obývá ost... | Grónsko | 0 | |
| 8. | Vyberte zemi, jejíž zkratka ná... | C | 0 | |
| 9. | V Evropské unii žije momentáln... | 1D 2C 3A 4B | 0 | |
| 10. | Caerdydd je alternativní název... | Cardiff | 1 |